000
00225nam a2200097Ia 4500
005
20251222114349.0
008
251222s1900||||xx |||||||||||||| ||spa||
082
_a
DVD0070/T19/2005
245
0
_a
El infierno:L“enfer
942
_c
DVD
999
_c
1158
_d
1158